You can run but you can't hide: (Record no. 4890)

MARC details
000 -LEADER
fixed length control field 00509nam a22001817a 4500
003 - CONTROL NUMBER IDENTIFIER
control field GBCCL
005 - DATE AND TIME OF LATEST TRANSACTION
control field 20241126110529.0
008 - FIXED-LENGTH DATA ELEMENTS--GENERAL INFORMATION
fixed length control field 171213b xxu||||| |||| 00| 0 eng d
020 ## - INTERNATIONAL STANDARD BOOK NUMBER
International Standard Book Number 1840301546
040 ## - CATALOGING SOURCE
Transcribing agency gbc
082 ## - DEWEY DECIMAL CLASSIFICATION NUMBER
Classification number 224.92092
Item number LYL
100 ## - MAIN ENTRY--PERSONAL NAME
Personal name Lyle, Denis
9 (RLIN) 7508
245 ## - TITLE STATEMENT
Title You can run but you can't hide:
Remainder of title The life of Jonah /
Statement of responsibility, etc. Denis Lyle
260 ## - PUBLICATION, DISTRIBUTION, ETC.
Name of publisher, distributor, etc. Ambassador publishers,
Place of publication, distribution, etc. Northern Ireland:
Date of publication, distribution, etc. 2004
300 ## - PHYSICAL DESCRIPTION
Extent 140 p.;
Dimensions 21 cm.
650 ## - SUBJECT ADDED ENTRY--TOPICAL TERM
Topical term or geographic name entry element Jonah
Form subdivision Biography
9 (RLIN) 8898
942 ## - ADDED ENTRY ELEMENTS (KOHA)
Source of classification or shelving scheme Dewey Decimal Classification
Koha item type Books
Koha issues (borrowed), all copies 20
Holdings
Withdrawn status Lost status Source of classification or shelving scheme Damaged status Not for loan Home library Current Library Shelving location Date acquired Total checkouts Full call number Barcode Date last seen Date last checked out Copy number Price effective from Koha item type
    Dewey Decimal Classification     GRACE BIBLE COLLEGE GRACE BIBLE COLLEGE Biblical Studies 2018-02-12 10 224.92092 LYL 002045 2025-10-03 2025-09-26 c.1 2018-02-12 Books
    Dewey Decimal Classification     GRACE BIBLE COLLEGE GRACE BIBLE COLLEGE Biblical Studies 2018-02-12 12 224.92092 LYL 006371 2025-05-01 2023-03-13 c.2 2018-02-12 Books
© Grace Bible College Library 2025